000 00292nam a2200121Ia 4500
008 191201s2015 xx 000 0 und d
100 _aKUCHHAL, M C
245 0 _aBusiness Legislation for Management
260 _aN. delhi
_bVikas
_c2015
300 _a656
650 _aBBA
942 _2ddc
_cBK
_01
999 _c6060
_d6060